LIBRARY & INFORMATION CENTRE, KCAET, TAVANUR

ONLINE PUBLIC ACCESS CATALOGUE (OPAC)

Non -Conventional Energy Sources and Utilisation (Energy Engineering) (Record no. 14297)

MARC details
000 -LEADER
fixed length control field 00425nam a22001577a 4500
003 - CONTROL NUMBER IDENTIFIER
control field OSt
008 - FIXED-LENGTH DATA ELEMENTS--GENERAL INFORMATION
fixed length control field 260113b |||||||| |||| 00| 0 eng d
020 ## - INTERNATIONAL STANDARD BOOK NUMBER
ISBN 8121939712
082 ## - DEWEY DECIMAL CLASSIFICATION NUMBER
Classification number 621.47
Item number RAJ/NO
100 ## - MAIN ENTRY--AUTHOR NAME
Personal name Rajput,R.K
245 ## - TITLE STATEMENT
Title Non -Conventional Energy Sources and Utilisation (Energy Engineering)
260 ## - PUBLICATION, DISTRIBUTION, ETC. (IMPRINT)
Place of publication New Delhi
Name of publisher S. Chand and Company Pvt Ltd
Year of publication 2014
300 ## - PHYSICAL DESCRIPTION
Number of Pages 432
942 ## - ADDED ENTRY ELEMENTS (KOHA)
Koha item type Books
Holdings
Withdrawn status Lost status Damaged status Collection code Home library Current library Shelving location Date acquired Source of acquisition Cost, normal purchase price Full call number Accession Number Koha item type
        KAUAET KAUAET General Stacks 14/06/2016 Universal Research Books, Thrissur 300.00 621.47 RAJ/NO 24325 Books
free website counter